[Event "MTO"]
[Site "Biel SUI"]
[Date "2010.07.30"]
[Round "11"]
[White "Mikhalevski,V"]
[Black "Misiano,F"]
[Result "1-0"]
[WhiteElo "2610"]
[BlackElo "2316"]

1.Nf3 d5 2.c4 c6 3.e3 Nf6 4.Qc2 e6 5.b3 Nbd7 6.Bb2 Bd6 7.Nc3 O-O 8.Be2 b6
9.cxd5 exd5 10.Nd4 Bb7 11.Nf5 Bb8 12.d4 Re8 13.g4 Nf8 14.h4 Bc8 15.Bf3 Qd7
16.h5 Ne6 17.O-O-O Ng5 18.Be2 b5 19.Bd3 a5 20.Rdg1 Bc7 21.f4 Nge4 22.g5 Ng4
23.Nxe4 dxe4 24.Bxe4 Rxe4 25.Qxe4 Nf2 26.Qe7 Qxe7 27.Nxe7+ Kf8 28.Nxc8 Nxh1
29.g6 hxg6 30.Rxh1 Rxc8 31.hxg6 Ke7 32.gxf7 Kxf7 33.Kd2 Bd6 34.Kd3 c5 35.Rc1 Rc7
36.dxc5 Rxc5 37.Rxc5 Bxc5 38.Bd4 Bd6 39.Ke4 Be7 40.Kd5 a4 41.Kc6 axb3 42.axb3 g5
43.fxg5 Bxg5 44.Kxb5 Ke6 45.Kc6  1-0

[Event "Tch-POR 1st Div Final"]
[Site "Vila Nova de Gaia POR"]
[Date "2010.07.31"]
[Round "8.4"]
[White "Parreira,A"]
[Black "Cordovil,J"]
[Result "1-0"]
[WhiteElo "1748"]
[BlackElo "2224"]

1.Nf3 d5 2.c4 d4 3.b4 a5 4.Qa4+ Bd7 5.b5 c5 6.Ba3 b6 7.Qc2 Nf6 8.e3 dxe3
9.dxe3 g6 10.Nc3 Bg7 11.Bd3 Qc7 12.Bb2 O-O 13.Be4 Ra7 14.O-O Nxe4 15.Qxe4 Bf5
16.Qh4 f6 17.Nd5 Qd8 18.Rad1 Rd7 19.e4 g5 20.Qg3 Bxe4 21.Nxg5 Bxd5 22.Rxd5 Rxd5
23.Ne6 Rg5 24.Nxg5 fxg5 25.Bxg7 Kxg7 26.h4 Qd6 27.Qxg5+ Kh8 28.Re1 Rf7 29.Qh5 Qf6
30.Re2 Nd7 31.Qd5 e5 32.h5 Kg7 33.f3 Qf5 34.Rd2 Nf6 35.Qc6 Nxh5 36.Qxb6 Qg5
37.Qxa5 Rxf3 38.Rd7+ Kg6 39.Qd2 Qxd2 40.Rxd2 Ra3 41.b6 Ra8 42.Rd5 Kf5 43.g4+ Kxg4
44.Rxe5 Rb8 45.Re6 Nf4 46.Rh6 Kg5 47.Rc6 Nd3 48.a4 Kf4 49.a5 Ke4 50.Re6+ Kf5
51.a6 Kxe6 52.a7 Rxb6 53.a8=Q Rb3 54.Qa4 Rb1+ 55.Kh2 Ke5 56.Qd7 Ke4 57.Kg3  1-0

[Event "Politiken Cup"]
[Site "Copenhagen DEN"]
[Date "2010.08.01"]
[Round "3"]
[White "Solli,O"]
[Black "Schroer,M"]
[Result "0-1"]
[WhiteElo "1914"]
[BlackElo "2106"]

1.Nf3 d5 2.c4 d4 3.d3 Nc6 4.g3 g6 5.Bg2 Bg7 6.O-O Nf6 7.e3 O-O 8.exd4 Nxd4
9.Be3 Nf5 10.Bc5 c6 11.Re1 Re8 12.Nc3 Qa5 13.Ba3 Be6 14.Qa4 Qxa4 15.Nxa4 Rad8
16.Nc5 Bc8 17.Rad1 Nd6 18.Ne5 Ng4 19.Nf3 e5 20.b3 f5 21.h3 Nh6 22.Ng5 Nhf7
23.Nxf7 Nxf7 24.Bb2 Bf8 25.Na4 Bd6 26.Bc3 Bc7 27.b4 a6 28.Nc5 Bb6 29.Nb3 h6
30.a4 Bd7 31.Rb1 Be6 32.Red1 Rd7 33.Rd2 Red8 34.Rbd1 g5 35.Bf1 Re7 36.d4 exd4
37.Nxd4 Bxd4 38.Bxd4 Red7 39.Bc3 Rxd2 40.Rxd2 Rxd2 41.Bxd2 Ne5 42.Kg2 Bxc4
43.Bxc4+ Nxc4 44.Bc1 Kf7 45.h4 Kg6 46.hxg5 hxg5 47.Kf3 g4+ 48.Ke2 Kf6 49.Kd3 Nd6
50.Kd4 Ne4 51.Be3 Ke6 52.Kc4 b5+ 53.axb5 axb5+ 54.Kd3 Kd5 55.Bb6 c5 56.bxc5 Nxc5+
57.Kc2 Kc4  0-1

[Event "Tch-POR 1st Div Final"]
[Site "Vila Nova de Gaia POR"]
[Date "2010.08.01"]
[Round "9.2"]
[White "Van den Berg,I"]
[Black "Galvao,H"]
[Result "1/2-1/2"]
[WhiteElo "1982"]
[BlackElo "2212"]

1.Nf3 d5 2.c4 d4 3.e3 c5 4.b4 Bg4 5.exd4 cxd4 6.Qa4+ Bd7 7.Qb3 e5 8.c5 Be6
9.Bc4 Bxc4 10.Qxc4 Nd7 11.O-O Be7 12.Re1 Qc7 13.Bb2 Ngf6 14.Na3 a6 15.Rac1 Ng4
16.Qe2 O-O 17.h3 Nh6 18.Nxe5 Nxe5 19.Qxe5 Qxe5 20.Rxe5 Bf6 21.Rd5 Rfd8 22.Rxd8+ Rxd8
23.d3 Nf5 24.Rc4 h5 25.Nc2 Kf8 26.Kf1 h4 27.a4 Ke7 28.b5 axb5 29.axb5 Ke6
30.Ba3 Kd7 31.Ra4 Kc7 32.Bb4 Rd5 33.Ba5+ Kd7 34.Rc4 Be7 35.Bb6 Bf6 36.Nb4 Re5
37.c6+ Kc8 38.Rc5 Nd6 39.Nd5 Nxb5 40.Rxb5 bxc6 41.Rc5 Rxd5 42.Rxd5 cxd5  1/2-1/2

[Event "Politiken Cup"]
[Site "Copenhagen DEN"]
[Date "2010.08.03"]
[Round "5"]
[White "Schnurre,Henri"]
[Black "Nielsen,KaiG"]
[Result "0-1"]
[WhiteElo "1605"]
[BlackElo "1891"]

1.Nf3 d5 2.c4 c6 3.g3 Nf6 4.Bg2 g6 5.b3 Bg7 6.Bb2 O-O 7.O-O dxc4 8.bxc4 Nbd7
9.Nc3 Re8 10.Qc2 e5 11.Rad1 Qc7 12.e4 Nb6 13.d3 Bg4 14.h3 Bxf3 15.Bxf3 Rad8
16.Ne2 Bf8 17.d4 exd4 18.Bxd4 Bg7 19.Rb1 c5 20.Be3 Qc6 21.Bg5 Qe6 22.Nf4 Qe5
23.Bxf6 Bxf6 24.Nd5 Qd6 25.Rfd1 Bd4 26.Kg2 Re5 27.Rd3 Nxd5 28.exd5 b6 29.Qa4 Rd7
30.Rdd1 Rde7 31.Kf1 Qf6 32.Rd3 Qf5 33.Qd1 Qxh3+ 34.Bg2 Qd7 35.f4 Re3 36.Rxe3 Rxe3
37.Rb3 Rxb3 38.axb3 b5 39.Bf3 bxc4 40.Kg2 cxb3 41.Qxb3 Qd6 42.Be2 Qb6 43.Qxb6 axb6
44.Bb5 f5 45.Kf3 Kf7 46.g4 fxg4+ 47.Kxg4 h5+ 48.Kf3 Bf6 49.Ke4 Ke7 50.Be2 h4
51.Kd3 b5 52.Kc2 c4 53.Kd1 Kd6 54.Bf3 Kc5 55.Bg4 Kxd5  0-1

[Event "Politiken Cup"]
[Site "Copenhagen DEN"]
[Date "2010.08.04"]
[Round "6"]
[White "Mchedlishvili,M"]
[Black "Postny,E"]
[Result "1/2-1/2"]
[WhiteElo "2625"]
[BlackElo "2577"]

1.Nf3 d5 2.c4 c6 3.g3 Nf6 4.Bg2 Bf5 5.O-O e6 6.cxd5 exd5 7.d3 h6 8.Nc3 Be7
9.Qb3 Qb6 10.Qc2 O-O 11.e4 Bh7 12.Qe2 dxe4 13.dxe4 Qa6 14.Qe3 Qb6 15.e5 Qxe3
16.Bxe3 Nfd7 17.Rad1 Nc5 18.Rd2 Nbd7 19.Rfd1  1/2-1/2

[Event "Open"]
[Site "Olomouc CZE"]
[Date "2010.08.04"]
[Round "1"]
[White "Nguyen,P"]
[Black "Bernasconi,R"]
[Result "1-0"]
[WhiteElo "2372"]
[BlackElo "1932"]

1.Nf3 d5 2.c4 dxc4 3.e4 e6 4.Bxc4 Nf6 5.Nc3 Be7 6.O-O O-O 7.d4 c6 8.Qe2 Nbd7
9.a4 a5 10.Bf4 Nb8 11.Rad1 Qe8 12.Rfe1 Bb4 13.Qc2 Bd7 14.Ba2 Qc8 15.Bg5 Ne8
16.e5 g6 17.Nd2 Kg7 18.Qe4 c5 19.d5 Bxc3 20.bxc3 Ra7 21.Qf4 Rh8 22.Ne4 h5
23.Bf6+ Nxf6 24.Qxf6+ Kg8 25.Ng5 Qe8 26.dxe6 Bxe6 27.Bxe6 fxe6 28.Rd8  1-0

[Event "Arctic Chess Challenge"]
[Site "Tromso NOR"]
[Date "2010.08.05"]
[Round "6"]
[White "Burmakin,V"]
[Black "Collins,S IRL"]
[Result "0-1"]
[WhiteElo "2605"]
[BlackElo "2408"]

1.Nf3 d5 2.c4 e6 3.g3 Nf6 4.Bg2 Be7 5.Qa4+ c6 6.O-O O-O 7.d3 Nbd7 8.Bf4 Re8
9.Qc2 Bf8 10.d4 c5 11.cxd5 Nxd5 12.Bg5 Be7 13.Bxe7 Qxe7 14.Nc3 Nxc3 15.Qxc3 Rb8
16.Qa3 a6 17.dxc5 Qxc5 18.b4 Qh5 19.Rac1 e5 20.Qe3 Nf6 21.Rc5 Ng4 22.Qg5 Qxg5
23.Nxg5 h6 24.Ne4 b6 25.Rc6 Rd8 26.a3 Bd7 27.Rd6 Be6 28.Rfd1 Rxd6 29.Rxd6 Kf8
30.h3 Nf6 31.Nxf6 gxf6 32.f4 Ke7 33.Rc6 exf4 34.g4 h5 35.gxh5 Rg8 36.Kf1 Rxg2
37.Rxe6+ fxe6 38.Kxg2 f5  0-1

[Event "28th WJun Girls"]
[Site "Chotowa POL"]
[Date "2010.08.06"]
[Round "4"]
[White "Toth,Sar"]
[Black "Heredia Serrano,C"]
[Result "1-0"]
[WhiteElo "2207"]
[BlackElo "2080"]

1.Nf3 d5 2.c4 d4 3.b4 g6 4.g3 Bg7 5.d3 e5 6.Nbd2 Ne7 7.Bg2 O-O 8.O-O c5 9.bxc5 Na6
10.Nb3 Bd7 11.Rb1 Bc6 12.Ba3 f5 13.Qd2 Nc7 14.Na5 Rb8 15.Ne1 Qc8 16.Nc2 Ne6
17.Ne1 Nc7 18.Nc2 Ne6 19.Nxc6 Nxc6 20.Nb4 Nxb4 21.Qxb4 Nd8 22.Qa4 Nc6 23.Rb3 Rf6
24.Rfb1 Bf8 25.Rb5 Kh8 26.Bd5 f4 27.Qb3 fxg3 28.hxg3 Qf5 29.Bf3 Rf7 30.Qd1 Nd8
31.Qf1 Rc8 32.Bxb7 Nxb7 33.Rxb7 Bxc5 34.Bxc5 Rxc5 35.Qg2 Rcc7 36.Rxc7 Rxc7
37.Rb8+ Kg7 38.Rb7 Qd7 39.Rxc7 Qxc7 40.Qd5 Kf6 41.f4 exf4 42.Qxd4+ Kg5 43.Qxf4+ Qxf4
44.gxf4+ Kxf4 45.c5 Ke5 46.d4+ Kd5 47.e4+ Kc6 48.Kg2 g5 49.Kf3 h5 50.Kg3 a5
51.a4 Kc7 52.d5 g4 53.e5 Kc8 54.e6 Kd8 55.d6 Ke8 56.c6 Kd8 57.d7  1-0

[Event "111th US Open"]
[Site "Irvine USA"]
[Date "2010.08.06"]
[Round "?"]
[White "Banawa,Joe"]
[Black "Stopa,Ja"]
[Result "1/2-1/2"]
[WhiteElo "2345"]
[BlackElo "2462"]

1.Nf3 d5 2.c4 e6 3.d4 c6 4.Nbd2 Nf6 5.e3 Ne4 6.Bd3 f5 7.b3 Nd7 8.Bb2 Bd6
9.O-O O-O 10.Ne5 Qf6 11.Ndf3 g5 12.Nxd7 Bxd7 13.Ne5 Qe7 14.f3 Nf6 15.Qc1 Nh5
16.a4 Be8 17.Ba3 h6 18.Bxd6  1/2-1/2

[Event "19th Open"]
[Site "Kavala GRE"]
[Date "2010.08.07"]
[Round "9"]
[White "Melkumyan,H"]
[Black "Andriasian,Z"]
[Result "1/2-1/2"]
[WhiteElo "2606"]
[BlackElo "2588"]

1.Nf3 d5 2.c4 c6 3.d4 Nf6 4.Qc2 dxc4 5.Qxc4 Bf5 6.g3 e6 7.Bg2 Nbd7 8.O-O Be7
9.e3 O-O 10.Qe2 Ne4 11.Nc3 Nxc3 12.bxc3 Be4  1/2-1/2

[Event "Open"]
[Site "Olomouc CZE"]
[Date "2010.08.09"]
[Round "6"]
[White "Krejci,Jan1"]
[Black "Costantini,R"]
[Result "0-1"]
[WhiteElo "2164"]
[BlackElo "2286"]

1.Nf3 d5 2.c4 c6 3.b3 Bg4 4.g3 Nd7 5.Bb2 Ngf6 6.Bg2 e6 7.O-O Be7 8.d4 O-O
9.Nbd2 h6 10.Re1 Qa5 11.a3 Rfd8 12.b4 Qc7 13.Rc1 a5 14.b5 Qb8 15.a4 cxb5
16.axb5 b6 17.Ne5 Nxe5 18.dxe5 Ne8 19.Qb3 Ra7 20.cxd5 exd5 21.Bxd5 Bb4 22.Bc3 Bxc3
23.Rxc3 Qxe5 24.Rd3 a4 25.Qc4 Bh5 26.Nb1 a3 27.Nxa3 Rxa3 28.Rxa3 Qxd5 29.Qh4 Qd2
30.Raa1 Nf6 31.Qc4 Rd4 32.Qc8+ Kh7 33.h3 Rd6 34.e4 Re6 35.e5 Nd7 36.Qc7 Qd4
37.Qc2+ Bg6 38.Qb3 Nxe5 39.Rad1 Nd3 40.Rf1 Re2  0-1

[Event "Bicentenario GM"]
[Site "Villa Martelli ARG"]
[Date "2010.08.09"]
[Round "6"]
[White "Diaz Hollemaert,N"]
[Black "Bachmann,Ax"]
[Result "1/2-1/2"]
[WhiteElo "2474"]
[BlackElo "2552"]

1.Nf3 d5 2.c4 e6 3.b3 Nf6 4.g3 Be7 5.Bg2 O-O 6.Bb2 c5 7.O-O Nc6 8.cxd5 exd5
9.d4 Ne4 10.dxc5 Bxc5 11.Nc3 Nxc3 12.Bxc3 d4 13.Bb2 Bg4 14.h3  1/2-1/2

[Event "85th ch-FRA"]
[Site "Belfort FRA"]
[Date "2010.08.10"]
[Round "2"]
[White "Charnushevich,A"]
[Black "Dorfman,I"]
[Result "1/2-1/2"]
[WhiteElo "2497"]
[BlackElo "2583"]

1.Nf3 d5 2.c4 d4 3.b4 g6 4.Bb2 Bg7 5.d3 e5 6.g3 a5 7.b5 Ne7 8.Bg2 O-O 9.Nbd2 c5
10.bxc6 Nexc6 11.O-O Na6 12.Ne1 Re8 13.Nc2 Nc5  1/2-1/2

[Event "Tch-ESP CECLUB GpA"]
[Site "Burguillos ESP"]
[Date "2010.08.11"]
[Round "3"]
[White "Iturrizaga,E"]
[Black "Rusev,K"]
[Result "1/2-1/2"]
[WhiteElo "2614"]
[BlackElo "2543"]

1.Nf3 d5 2.c4 c6 3.e3 Nf6 4.d4 Bf5 5.Nc3 e6 6.Nh4 Be4 7.f3 Bg6 8.Qb3 Qc7
9.Bd2 Be7 10.g3 a6 11.Rc1 dxc4 12.Bxc4 Nbd7 13.Kf2 b5 14.Be2 c5 15.Nxg6 hxg6
16.dxc5 Nxc5 17.Qc2 Qb7 18.b4  1/2-1/2

[Event "Open"]
[Site "Minsk BLR"]
[Date "2010.08.11"]
[Round "8"]
[White "Smirnov,Va"]
[Black "Sharevich,A"]
[Result "1/2-1/2"]
[WhiteElo "2361"]
[BlackElo "2253"]

1.Nf3 d5 2.c4 c6 3.d4 e6 4.Nbd2 Nf6 5.g3 dxc4 6.Nxc4 b5 7.Nce5 Bb7 8.Bg2 Nbd7
9.O-O Be7 10.Bg5 O-O 11.a4 a6 12.Qb3 h6 13.Nxd7 Nxd7 14.Bd2 Qb6 15.a5 Qa7
16.Be3 c5 17.dxc5 Bxc5 18.Bxc5 Nxc5 19.Qb4 Bd5 20.Rac1 Rac8 21.Nd4 Bxg2 22.Kxg2 Qb7+
23.f3 Nd7 24.Qd6 Nf6 25.Nc6 Nd5 26.Kf2 Rc7 27.e4 Rd7 28.Qc5 Ne7 29.Nxe7+ Rxe7
30.Rfd1 Rd7 31.Rd6 Rxd6 32.Qxd6 Rc8 33.Rc5 Rxc5 34.Qxc5 Qd7 35.Ke2 f6 36.h4 Kh7
37.h5 e5 38.g4 Qe6 39.Qd5 Qc8 40.Kd1 Qc7 41.Qd2 Qc4 42.Qc3  1/2-1/2

[Event "TCh-MKD"]
[Site "Struga MKD"]
[Date "2010.08.11"]
[Round "3"]
[White "Trajanovski,V"]
[Black "Milosiev,T"]
[Result "1/2-1/2"]
[WhiteElo "2098"]
[BlackElo "2230"]

1.Nf3 d5 2.c4 e6 3.g3 Nf6 4.Bg2 Be7 5.O-O O-O 6.cxd5 exd5 7.d4 c6 8.Nc3 Bf5
9.a3 Ne4 10.Bf4 Bd6 11.Bxd6 Nxd6 12.Nh4 Qc8 13.Rc1 Qe6 14.Nxf5 Qxf5 15.Re1 Re8  1/2-1/2

[Event "Negroponte Open"]
[Site "Chalkis GRE"]
[Date "2010.08.12"]
[Round "4"]
[White "Burmakin,V"]
[Black "Enchev,I"]
[Result "1-0"]
[WhiteElo "2605"]
[BlackElo "2441"]

1.Nf3 d5 2.c4 e6 3.g3 Nf6 4.Bg2 Be7 5.O-O O-O 6.b3 c5 7.cxd5 Nxd5 8.Bb2 Nc6
9.Nc3 Nxc3 10.Bxc3 Qc7 11.Qc2 e5 12.Qe4 f6 13.Nh4 Be6 14.f4 f5 15.Qe3 e4
16.d3 Nb4 17.Be5 Bd6 18.Bxd6 Qxd6 19.Rfc1 exd3 20.exd3 Qd4 21.Qxd4 cxd4 22.Bxb7 Rab8
23.Rc7 Rf7 24.Rxf7 Kxf7 25.Bg2 Nxd3 26.Nf3 Rd8 27.Ng5+ Ke7 28.Bf1 Nc5 29.Nxh7 d3
30.Ng5 Ne4 31.Rd1 Nc3 32.Rxd3 Rxd3 33.Bxd3 Bd5 34.a3 Bxb3 35.Nf3 g6 36.Kf2 Kd6
37.Ke3 Kc5 38.Ne5 Nb5 39.Nxg6 Nxa3 40.Bxf5 a5 41.Ne5 a4 42.Kd2 Nb5 43.Nd3+ Kd4
44.Nc1 Bc4 45.Bd3 Bxd3 46.Nxd3 a3 47.Nc1 Ke4 48.Na2 Nd4 49.Nc3+ Kf5 50.h3 Nf3+
51.Ke3 Ne1 52.g4+ Ke6 53.Ke4 Ng2 54.Kf3 Ne1+ 55.Ke4 Ng2 56.Na2 Kf6 57.Kf3 Ne1+
58.Kg3 Nd3 59.h4 Nc5 60.h5 Ne6 61.Kf3 Nc5 62.g5+ Kf5 63.h6 Kg6 64.Kg4 Kh7
65.f5 Ne4 66.Nb4 Nd6 67.Na2 Ne4 68.Kf4 Nd6 69.Nb4 Nf7 70.g6+ Kxh6 71.gxf7 Kg7
72.Ke5 Kxf7 73.f6  1-0

[Event "Negroponte Open"]
[Site "Chalkis GRE"]
[Date "2010.08.13"]
[Round "5"]
[White "Enchev,I"]
[Black "Parginos,V"]
[Result "1/2-1/2"]
[WhiteElo "2441"]
[BlackElo "2227"]

1.Nf3 d5 2.c4 e6 3.g3 Nf6 4.d4 c5 5.cxd5 exd5 6.Bg2 Nc6 7.O-O Be7 8.Nc3 O-O
9.Bg5 cxd4 10.Nxd4 h6 11.Be3 Re8 12.Rc1 Bg4 13.Nxc6 bxc6 14.a3 Qd7 15.Na4 Bh3
16.Bc5 Bxg2 17.Kxg2 Ne4 18.Bxe7 Rxe7 19.Nc5 Qf5 20.Qd3 Qf6 21.Nxe4 Rxe4 22.Rc2 a5
23.Rfc1 Re6 24.Qb3 Rae8 25.e3 h5 26.Qa4 Rb8 27.h4 Rb5 28.b4 d4 29.bxa5 dxe3
30.a6 Qd8 31.Qxb5 cxb5 32.Rc8 Qxc8 33.Rxc8+ Kh7 34.a7 e2 35.a8=Q e1=Q 36.Rc5 Re5  1/2-1/2

[Event "XI Miquel Mas Open"]
[Site "Figueres ESP"]
[Date "2010.08.13"]
[Round "3"]
[White "Sabria Batlle,P"]
[Black "Vinardell Cruanas,S"]
[Result "0-1"]
[WhiteElo "2211"]
[BlackElo "1955"]

1.Nf3 d5 2.c4 c6 3.g3 Nf6 4.Bg2 Bf5 5.d4 e6 6.O-O Nbd7 7.Nc3 dxc4 8.Re1 Bb4
9.Nh4 Bg4 10.h3 Bh5 11.g4 Nd5 12.Bxd5 cxd5 13.Ng2 Bg6 14.Nf4 Qh4 15.e3 h5
16.Nxg6 fxg6 17.Qf3 Nf6  0-1

[Event "XI Miquel Mas Open"]
[Site "Figueres ESP"]
[Date "2010.08.14"]
[Round "5"]
[White "Spielmann,Al"]
[Black "Cros Figueras,E"]
[Result "1-0"]
[WhiteElo "2286"]
[BlackElo "1890"]

1.Nf3 d5 2.c4 c6 3.d4 Nf6 4.e3 Bf5 5.Nc3 e6 6.Nh4 Bg4 7.Qb3 Qc7 8.h3 Bh5
9.g4 Bg6 10.Nxg6 hxg6 11.Bg2 Be7 12.g5 Nfd7 13.e4 dxc4 14.Qxc4 Nb6 15.Qe2 N8d7
16.Be3 Rc8 17.O-O-O a5 18.h4 Bd6 19.h5 gxh5 20.Rxh5 Rxh5 21.Qxh5 g6 22.Qe2 a4
23.a3 e5 24.Bh3 Rd8 25.Bxd7+ Rxd7 26.d5 cxd5 27.Bxb6 Qxb6 28.Nxd5 Qc6+ 29.Kb1 Be7
30.Qg4 b5 31.Qh4 Rc7 32.Qh8+  1-0

[Event "Open"]
[Site "Geraardsbergen BEL"]
[Date "2010.08.14"]
[Round "8"]
[White "De Vogelaere,R"]
[Black "Saligo,P"]
[Result "1/2-1/2"]
[WhiteElo "1782"]
[BlackElo "1882"]

1.Nf3 d5 2.c4 c6 3.b3 Bf5 4.g3 e6 5.Bg2 Nd7 6.Bb2 Ngf6 7.O-O Bc5 8.a3 O-O
9.d3 a5 10.Nbd2 Ba7 11.Nh4 Bg4 12.Nhf3 Qb6 13.e4 d4 14.h3 Bxf3 15.Nxf3 e5
16.Rb1 Qc7 17.Nh4 g6 18.b4 Qd6 19.Bc1 axb4 20.axb4 Bb8 21.Bh6 Re8 22.Qd2 Nh5
23.Ra1 Bc7 24.Qb2 c5 25.b5 Nb6 26.Rxa8 Rxa8 27.Ra1 Qd8 28.Rxa8 Qxa8 29.Qd2 Bd8
30.Nf3 Nd7 31.g4 Ng7 32.h4 Qa3 33.Bxg7 Kxg7 34.g5 Bc7 35.Bh3 Nb6 36.Nh2 Nxc4
37.Qe2 Qc1+ 38.Bf1 Nb6 39.Qf3 Qf4 40.Qxf4 exf4 41.Ng4 Bd8 42.e5 Nd7 43.Bg2 b6
44.Bc6 Nb8 45.Bd5 Nd7 46.Bc6 Nb8 47.Bd5 Nd7 48.Bc6  1/2-1/2

[Event "25th Open"]
[Site "Teteven BUL"]
[Date "2010.08.14"]
[Round "1"]
[White "Ivanov,Em"]
[Black "Sapareva,Magdalena"]
[Result "1-0"]
[WhiteElo "2180"]
[BlackElo "1683"]

1.Nf3 d5 2.c4 e6 3.g3 Nf6 4.Bg2 Bd6 5.O-O O-O 6.d4 dxc4 7.a4 Nc6 8.Nbd2 Rb8
9.Nxc4 h6 10.Qc2 Be7 11.e4 Nxd4 12.Nxd4 c6 13.Rd1 Qe8 14.Bf4 Ra8 15.Nb3 Kh8
16.a5 Nd7 17.Nd6 Bxd6 18.Bxd6 Rg8 19.e5 f5 20.a6 Nb6 21.axb7 Bxb7 22.Na5  1-0

[Event "14th HZ Open"]
[Site "Vlissingen NED"]
[Date "2010.08.14"]
[Round "9"]
[White "Admiraal,M"]
[Black "Wahedi,A"]
[Result "1-0"]
[WhiteElo "2221"]
[BlackElo "2295"]

1.Nf3 d5 2.c4 e6 3.d4 Nf6 4.cxd5 exd5 5.Bg5 Be7 6.Nc3 O-O 7.e3 c6 8.Qc2 Nbd7
9.Bd3 Re8 10.O-O h6 11.Bf4 Nf8 12.Rab1 a5 13.a3 b5 14.Ne5 Bb7 15.Ne2 Qb6
16.Rfc1 Bd6 17.Bf5 Bxe5 18.Bxe5 Ne4 19.Bxe4 dxe4 20.Ng3 Nd7 21.Bd6 Nf6 22.Nf5 Qd8
23.Be5 Re6 24.Ng3 Nd7 25.Qxe4 Nxe5 26.dxe5 Qc7 27.Rc5 Rae8 28.f4 f6 29.Qc2 fxe5
30.f5 R6e7 31.f6 Rf7 32.Qg6 Qd6 33.Nf5 Qxf6 34.Nxh6+ Kf8 35.Qxf7+ Qxf7 36.Nxf7 Kxf7
37.Rd1 Ke6 38.Rc2 Re7 39.Rcd2 c5 40.Rd6+ Kf7 41.Rb6 b4 42.Rb5 bxa3 43.bxa3 Rc7
44.Rdb1 Be4 45.Rc1 c4 46.Rxe5 Bg6 47.Kf2 c3 48.Rxa5 c2 49.Ra4 Rc3 50.h3 Bh7
51.Ke2 Kf6 52.e4 Ke5 53.Kd2 Rg3 54.Rg1 Bg8 55.Rb4 Rxa3 56.Kxc2 Rg3 57.Kd2 Bh7
58.Ke2 Ra3 59.Re1 Ra2+ 60.Kf3 Bg8 61.Rb5+ Kd6 62.Rg5 Ra7 63.e5+ Ke6 64.Rg6+ Kf5
65.Rd6 Rf7 66.h4  1-0

[Event "e2e4 Autumn Challengers F"]
[Site "Uxbridge ENG"]
[Date "2010.08.15"]
[Round "9"]
[White "Campbell,E"]
[Black "Marret,B"]
[Result "1-0"]
[WhiteElo "1915"]
[BlackElo "1936"]

1.Nf3 d5 2.c4 e6 3.g3 g6 4.Bg2 Bg7 5.O-O Nf6 6.d4 O-O 7.Nbd2 Nbd7 8.Qc2 b6
9.e4 dxe4 10.Nxe4 Bb7 11.Nxf6+ Nxf6 12.Rd1 Qe7 13.Bg5 h6 14.Bxf6 Bxf6 15.Ne5 Bxg2
16.Kxg2 Bxe5 17.dxe5 Rfd8 18.Rd2 Rxd2 19.Qxd2 Rd8 20.Qxh6 Qc5 21.Qg5 Rd4
22.b3 Qc6+ 23.f3 Qd7 24.Rf1 Rd2+ 25.Rf2 Rd1 26.h4 Kh7 27.g4 Qd4 28.h5 Qa1
29.hxg6+ fxg6 30.Qe7+ Kh8 31.Qf6+ Kh7 32.Kg3 Rg1+ 33.Kh4 Qe1 34.Kg5 Qxf2
35.Qxg6+ Kh8 36.Qh6+ Kg8 37.Qxe6+ Kh7 38.Qf5+ Kg7 39.Qd7+ Kg8 40.Qd8+ Kf7
41.Qxc7+ Ke8 42.Qc8+ Ke7 43.Qb7+ Ke6 44.Qc6+ Ke7 45.Qd6+ Ke8 46.e6 Qe3+ 47.Kg6  1-0

[Event "XI Miquel Mas Open"]
[Site "Figueres ESP"]
[Date "2010.08.16"]
[Round "7"]
[White "Spielmann,Al"]
[Black "Gomez,Gu"]
[Result "1/2-1/2"]
[WhiteElo "2286"]
[BlackElo "2142"]

1.Nf3 d5 2.c4 c6 3.d4 Nf6 4.e3 g6 5.Nc3 Bg7 6.b4 O-O 7.Qb3 Ne4 8.Bb2 Nxc3
9.Bxc3 Bg4 10.Be2 dxc4 11.Qxc4 Nd7 12.Rd1 Qb8 13.Qb3 Nb6 14.O-O Nd5 15.Bd2 Nf6
16.b5 cxb5 17.Qxb5 a6 18.Qb2 b5 19.Rc1 Qb7 20.h3 Bf5 21.Ne5 Rac8 22.Qa3 Be6
23.Bb4 Nd5 24.Bc5 Bxe5 25.dxe5 b4 26.Qxa6 Qxa6 27.Bxa6 Ra8 28.Bb7 Rxa2 29.Rb1 Rc2
30.Bxd5 Rxc5 31.Bxe6 fxe6 32.Rxb4 Rxe5 33.Rb7 Kf7 34.Rc1 Re8 35.Rc4 Rd5 36.Rf4+ Kg7
37.Kh2 Rf5 38.Kg3 Rxf4 39.Kxf4 Kf6 40.h4 h6 41.Kg4 Rc8 42.f4 Rc3  1/2-1/2

[Event "Open"]
[Site "Stockholm SWE"]
[Date "2010.08.19"]
[Round "6"]
[White "Gamback,B"]
[Black "Revelj,O"]
[Result "1/2-1/2"]
[WhiteElo "2192"]
[BlackElo "2141"]

1.Nf3 d5 2.c4 c6 3.e3 Nf6 4.b3 Bg4 5.Bb2 Nbd7 6.Be2 e6 7.O-O Bd6 8.cxd5 cxd5
9.d3 O-O 10.Nbd2 Rc8 11.Rc1 Rxc1 12.Qxc1 Qb8 13.h3 Rc8 14.Qa1 Bh5 15.Rc1 Rxc1+
16.Qxc1 Ne8 17.Kf1 a6  1/2-1/2

[Event "6th Prospero A Pichay Cup"]
[Site "Manila PHI"]
[Date "2010.08.22"]
[Round "2"]
[White "Long,P"]
[Black "Senador,E"]
[Result "0-1"]
[WhiteElo "2302"]
[BlackElo "2393"]

1.Nf3 d5 2.c4 e6 3.g3 Nf6 4.Bg2 c5 5.b3 d4 6.Bb2 Nc6 7.O-O Be7 8.d3 O-O 9.e3 e5
10.exd4 cxd4 11.Re1 Nd7 12.a3 a5 13.Qc2 Re8 14.Nbd2 Bf8 15.Rad1 Nc5 16.Ne4 Nxe4
17.Rxe4 Bf5 18.Ree1 Qd7 19.Ng5 h6 20.Ne4 Bg6 21.c5 f5 22.Nd2 Kh7 23.Nc4 Qc7
24.Nb6 Rad8 25.Rd2 e4 26.dxe4 fxe4 27.Qc1 Qf7 28.h4 Qf5 29.Qd1 e3 30.fxe3 dxe3
31.Rd7 Qf2+ 32.Kh1 Qxb2  0-1

[Event "6th Prospero A Pichay Cup"]
[Site "Manila PHI"]
[Date "2010.08.22"]
[Round "3"]
[White "Dimakiling,O"]
[Black "Gatus,E"]
[Result "1-0"]
[WhiteElo "2418"]
[BlackElo "2265"]

1.Nf3 d5 2.c4 c6 3.e3 Nf6 4.Qc2 Bg4 5.Ne5 e6 6.Nxg4 Nxg4 7.h3 Nf6 8.Nc3 Nbd7
9.d4 Bd6 10.Bd3 dxc4 11.Bxc4 Nb6 12.Be2 e5 13.dxe5 Bxe5 14.O-O Qe7 15.a4 a5
16.Bd2 O-O 17.Rfd1 Rfd8 18.Be1 Nbd5 19.Bc4 Nxc3 20.bxc3 Bc7 21.Rd4 g6 22.Rb1 b6
23.Qe2 Nd7 24.f3 Qe5 25.f4 Qf6 26.Qg4 h5 27.Qxd7 Rxd7 28.Rxd7 Qf5 29.Rbd1 Rc8
30.Rxf7 Qxf7 31.Bxf7+ Kxf7 32.c4 Ke6 33.Kf2 Bd6 34.Kf3 Bb4 35.Bh4 b5 36.cxb5 cxb5
37.axb5 Rb8 38.g4 hxg4+ 39.hxg4 a4 40.e4 Rxb5 41.f5+ gxf5 42.gxf5+ Kf7 43.Rd7+ Ke8
44.Ra7 a3 45.Bf2 Bd6 46.Bd4 Rb3+ 47.Ke2 Rb5 48.Kd3 Rb3+ 49.Kc4 Rb1 50.e5 Be7
51.f6 Rc1+ 52.Kd5 Bd8 53.e6  1-0

[Event "6th Geller Memorial Open A"]
[Site "Odessa UKR"]
[Date "2010.08.22"]
[Round "2"]
[White "Reshetkov,K"]
[Black "Bogdanovich,S"]
[Result "0-1"]
[WhiteElo "2192"]
[BlackElo "2464"]

1.Nf3 d5 2.c4 d4 3.b4 f6 4.e3 e5 5.exd4 e4 6.Nh4 Qxd4 7.Nc3 e3 8.Qh5+ g6
9.fxe3 Qxc3 10.Nxg6 Qxa1 11.Nxh8+ Kd8 12.Qd5+ Nd7 13.Qxg8 Qxc1+ 14.Kf2 c5
15.bxc5 Qxd2+ 16.Be2 Kc7 17.Rd1 Qc2 18.Rd5 Ne5 19.h3 Qf5+  0-1

[Event "6th Geller Memorial Open A"]
[Site "Odessa UKR"]
[Date "2010.08.22"]
[Round "2"]
[White "Afanasjev,A"]
[Black "Usoltseva,P"]
[Result "1/2-1/2"]
[WhiteElo "2061"]
[BlackElo "1822"]

1.Nf3 d5 2.c4 e6 3.g3 c6 4.cxd5 exd5 5.d4 h6 6.Bg2 Nf6 7.O-O Bd6 8.Nc3 O-O
9.Qc2 Re8 10.Rb1 Ne4 11.Nxe4 dxe4 12.Ne5 Bxe5 13.dxe5 Nd7 14.Bxe4 Nxe5 15.b4 a6
16.a4 Be6 17.Rd1 Qe7 18.Be3 Nc4 19.Bc5 Qc7 20.Qc3 Qe5 21.Qxe5 Nxe5 22.b5 axb5
23.axb5 Ra2 24.bxc6 bxc6 25.Bd4 Rxe2 26.f3 Bd5 27.Bxe5 Bxe4 28.fxe4 Rxe5
29.Rbc1 c5 30.Rd5 R2xe4 31.Rdxc5 Rxc5 32.Rxc5  1/2-1/2

[Event "6th Prospero A Pichay Cup"]
[Site "Manila PHI"]
[Date "2010.08.23"]
[Round "5"]
[White "Long,P"]
[Black "Bhagwat,V"]
[Result "1-0"]
[WhiteElo "2302"]
[BlackElo "2175"]

1.Nf3 d5 2.c4 c6 3.g3 Nf6 4.Bg2 Bg4 5.cxd5 cxd5 6.Qb3 Qc7 7.Nc3 Bxf3 8.Bxf3 e6
9.d3 Nc6 10.O-O Be7 11.Bf4 Qd7 12.Bg2 O-O 13.Rac1 Nd4 14.Qd1 Rac8 15.e4 Nb5
16.e5 Nxc3 17.Rxc3 Ne8 18.Qd2 Rxc3 19.Qxc3 Nc7 20.Be3 Rd8 21.Rc1 d4 22.Qxd4 Nd5
23.Bxd5 exd5 24.Bd2 b6 25.b4 h5 26.h4 Qa4 27.a3 Bf8 28.Bg5 Re8 29.Qxd5 Qxa3
30.Rc7 Qa1+ 31.Kg2 Qxe5 32.Qxf7+ Kh7 33.Qxh5+ Kg8 34.Qf7+ Kh8 35.Rxa7 Bxb4
36.Bf4  1-0

[Event "6th Geller Memorial Open A"]
[Site "Odessa UKR"]
[Date "2010.08.23"]
[Round "3"]
[White "Campi,W"]
[Black "Tihonov,G"]
[Result "0-1"]
[WhiteElo "1854"]
[BlackElo "1956"]

1.Nf3 d5 2.c4 c6 3.d4 Nf6 4.Nc3 dxc4 5.a4 Bf5 6.e3 e6 7.Bxc4 Bb4 8.O-O O-O
9.Bd2 Nbd7 10.Qe2 Qa5 11.Rfd1 Nb6 12.Bb3 Ne4 13.Nxe4 Bxe4 14.Ne5 Bg6 15.Nd3 Bxd3
16.Qxd3 Bxd2 17.Rxd2 Rfd8 18.Rc1 Nd7 19.Bc2 g6 20.Qe2 Qb4 21.h4 Qe7 22.h5 Qg5
23.hxg6 hxg6 24.f4 Qh4 25.Qf3 Nf6 26.g3 Qg4 27.Qg2 Kg7 28.Bd1 Qf5 29.g4 Qa5
30.Rc5 Qb4 31.Re2 Rxd4 32.exd4 Qxd4+ 33.Qf2 Qxd1+ 34.Qe1 Qd4+ 35.Qf2 Qxf2+
36.Kxf2 Nxg4+ 37.Kf3 Nf6 38.Rc4 Rd8 39.Re3 Nd5 40.Rb3 Rd7 41.a5 a6 42.Rc1 Kf6
43.Kg4 Ne7 44.Rh1 Kg7 45.Rhh3 Nd5 46.Rhd3 c5 47.Rh3 c4 48.Ra3 Rc7 49.Rh2 Kf6
50.Rh8 Ke7 51.Rb8 Kd6 52.Kf3 Kc5 53.Ra1 Kb4 54.Ke4 Kb3  0-1